| 000 | 00000nam##2200000za#4500 |
| 001 | 9.572893 |
| 003 | CaOODSP |
| 005 | 20210624183435 |
| 007 | cr ||||||||||| |
| 008 | 150406|1997||||xxc|||||o f|0| 0 eng|d |
| 040 | |aCaOODSP|beng |
| 043 | |an-cn--- |
| 086 | 1 |aSC94-62/19-1997E-PDF |
| 110 | 1 |aCanada.|bCanadian Centre for Management Development. |
| 245 | 10|aPublic consultation guide : |h[electronic resource]|bchanging the relationship between government and Canadians / |c[by] Peter Stern with Sandra Zagon. |
| 260 | |aOttawa - Ontario : |bCanadian Centre for Management Development |cMay 1997. |
| 300 | |a109p.|bfigs. |
| 490 | 1 |aManagement practices|vNo. 19 |
| 500 | |aThe catalogue number (SC94-62/19-1997E) and ISBN (O-662-25356-6) for the print edition have been incorrectly copied in this electronic publication. |
| 504 | |aBibliography. |
| 590 | |a12-09-Supp|b2012-03-21 |
| 690 | 07|aGovernment policy|2gcpds |
| 720 | 1 |aSterne, Peter |
| 720 | 1 |aZagon, Sandra |
| 775 | 08|tGuide de consultation du public : |w(CaOODSP)9.603140 |
| 776 | 0#|tPublic consultation guide : |w(CaOODSP)9.613574 |
| 830 | #0|aManagement practices ;|vNo. 19|w(CaOODSP)9.506783 |
| 856 | 40|ahttp://publications.gc.ca|qPDF|s2.65 MB|uhttps://publications.gc.ca/collections/Collection/SC94-62-19-1997E.pdf|yNo. 19 |